Łańcuchy górskie na mapie - Statystyki

Ogólne statystyki
  • Ten quiz został rozwiązany 8 780 razy
  • Średni wynik to 8 z 20
Odpowiedzi na mapie
Odpowiedzi zakodowano w zielono-czerwonej skali na mapie do tego quizu, zgodnie z poniższymi procentami.
 
Statystyki odpowiedzi
Najwyższa góra Pasmo górskie % Poprawnych
Mont Blanc Alpy
94%
Mt. Everest Himalaje
85%
Aconcagua Andy
84%
Narodnaja Ural
84%
Gerlach Karpaty
82%
Aneto Pireneje
66%
Elbrus Kaukaz
61%
Toubkal Atlas
53%
Mt. Mitchell Appalachy
35%
Mt. Elbert Góry Skaliste
30%
Góra Kościuszki Wielkie Góry Wododziałowe
24%
Denali Alaska
17%
Szczyt Zwycięstwa Tienszan
15%
Biełucha Ałtaj
14%
Tiricz Mir Hindukusz
12%
Aoraki / Mt. Cook Alpy Południowe
11%
Kongur Shan Pamir
9%
Mt. Whitney Sierra Nevada
8%
Mt. Rainier Góry Kaskadowe
5%
Phou Bia Góry Annamskie
4%
Nie znaleziono quizów pasujących do podanych kryteriów
Rozkład punktacji
Procent ludzi z każdym wynikiem
Percentyl według liczby udzielonych odpowiedzi
Twoja historia wyników
Nie rozwiązałeś tego quizu